[Event "Montreal Pere Noel op"]
[Site "Montreal"]
[Date "2008.12.26"]
[Round "1"]
[White "Petit, Raymond"]
[Black "Luksza, Arkadiusz"]
[Result "0-1"]
[WhiteElo "1845"]
[BlackElo "2228"]
[PlyCount "108"]
[EventDate "2008.12.26"]
[EventType "swiss"]
[EventRounds "5"]
[EventCountry "CAN"]
[SourceTitle "EXT 2011"]
[Source "ChessBase"]
[SourceDate "2010.11.26"]
[SourceVersion "1"]
[SourceVersionDate "2010.11.26"]
[SourceQuality "1"]

1. d4 e6 2. c4 f5 3. g3 Nf6 4. Bg2 c6 5. Nh3 d5 6. 0-0 Bd6 7. Bf4 0-0 8. cxd5 cxd5 9. Nc3 Nc6 10. Rc1 Bxf4 11. Nxf4 Bd7 12. Na4 b6 13. Rxc6 Bxc6 14. Nxe6 Qe8 15. Nc7 Qd7 16. Nxa8 Bxa4 17. b3 Bc6 18. Nxb6 axb6 19. Re1 Rc8 20. Qd2 Qd6 21. f3 Bb7 22. Rc1 Rxc1+ 23. Qxc1 g6 24. Kf2 Kg7 25. Qc2 Ne8 26. e3 Qc6 27. Qb2 Nd6 28. Bf1 Nb5 29. Bd3 Qc3 30. Qe2 Nd6 31. Kg2 Bc6 32. Kf2 Bd7 33. Kg2 Qc1 34. h3 Qc3 35. Kf2 Qa5 36. Qc2 Bb5 37. Qc7+ Nf7 38. Bxb5 Qxb5 39. Qc3 Qd7 40. Qb4 Qc6 41. Qd2 Nd6 42. a4 Nb7 43. Qb2 Kf7 44. Ke2 Nd6 45. Kd2 Ne8 46. Qa2 Qd6 47. f4 Nf6 48. Ke2 Ne4 49. Qc2 Nxg3+ 50. Kf3 Ne4 51. Qc8 Kg7 52. h4 Qe7 53. h5 Qh4 54. h6+ Kxh6 0-1

[Event "Montreal Pere Noel"]
[Site "Montreal"]
[Date "2007.12.26"]
[Round "1"]
[White "Leveille, Francois"]
[Black "Petit, Raymond"]
[Result "1-0"]
[WhiteElo "2322"]
[BlackElo "1947"]
[PlyCount "71"]
[EventDate "2007.12.27"]
[EventType "swiss"]
[EventRounds "5"]
[EventCountry "CAN"]
[SourceTitle "EXT 2022"]
[Source "ChessBase"]
[SourceDate "2021.10.06"]
[SourceVersion "1"]
[SourceVersionDate "2021.10.06"]
[SourceQuality "1"]

1. d4 d5 2. c4 e6 3. Nf3 Nf6 4. g3 Be7 5. Bg2 0-0 6. 0-0 Nbd7 7. Qc2 c6 8. Nbd2 Re8 9. b3 b6 10. e4 dxe4 11. Nxe4 Nxe4 12. Qxe4 Bb7 13. Bf4 Nf6 14. Qe2 c5 15. Rad1 cxd4 16. Nxd4 Bxg2 17. Kxg2 Qc8 18. Qf3 Qc5 19. Nc6 Bf8 20. a4 Rec8 21. Ne5 a6 22. Nd7 Nxd7 23. Rxd7 b5 24. Bc7 f6 25. cxb5 axb5 26. a5 Re8 27. Rfd1 Rac8 28. Qb7 Qc2 29. a6 Qxb3 30. a7 Qb2 31. R1d2 Qa1 32. Bb8 Rc1 33. a8Q Rg1+ 34. Kf3 Qf1 35. Rd1 Qg2+ 36. Ke2 1-0

[Event "Montreal Quebec U1900 op"]
[Site "Montreal"]
[Date "1990.08.08"]
[Round "5"]
[White "Aguirre, Juan Jose"]
[Black "Petit, Raymond"]
[Result "1-0"]
[WhiteElo "1794"]
[BlackElo "1636"]
[PlyCount "39"]
[EventDate "1990.08.04"]
[EventType "swiss"]
[EventRounds "8"]
[EventCountry "CAN"]
[SourceTitle "EXT 2022"]
[Source "ChessBase"]
[SourceDate "2021.10.06"]
[SourceVersion "1"]
[SourceVersionDate "2021.10.06"]
[SourceQuality "1"]

1. e4 e6 2. d4 d5 3. e5 c5 4. c3 Nc6 5. Nf3 Qb6 6. Bd3 Bd7 7. 0-0 cxd4 8. Re1 dxc3 9. Nxc3 Rc8 10. Ng5 h6 11. Nxf7 Kxf7 12. Qh5+ Ke7 13. Bg5+ hxg5 14. Qxg5+ Nf6 15. Nxd5+ exd5 16. exf6+ Kd8 17. fxg7+ Kc7 18. gxh8Q Be7 19. Rxe7 Rxh8 20. Rxd7+ 1-0